| 000 | 00728nam a22002057a 4500 | ||
|---|---|---|---|
| 003 | OSt | ||
| 005 | 20220914171234.0 | ||
| 008 | 220914b |||||||| |||| 00| 0 eng d | ||
| 040 | _cBiblioteca Lado V | ||
| 082 |
_a704.942.8 _bM665a |
||
| 110 | _aMinisterio da cultura | ||
| 245 |
_aAgitporn/ _b(POR NO a la desigualdad) - desCULOnizacion Social - |
||
| 260 |
_aBrasil _bGobierno Federal de Brasil |
||
| 300 |
_a8p. _c13x21cm |
||
| 630 |
_aTesauro de Arte & Arquitectura _lLIBERTAD SEXUAL |
||
| 630 |
_aTesauro de Arte & Arquitectura _lFOTOGRAFIA |
||
| 630 |
_aTesauro de Arte & Arquitectura _lEROTICO |
||
| 630 |
_aTesauro de Arte & Arquitectura _lDESIGUALDAD |
||
| 942 |
_2ddc _c1 _h704.942.8 _iM665a _n0 |
||
| 999 |
_c2006 _d2006 |
||